| 000 | 00596nam a2200193Ia 4500 | ||
|---|---|---|---|
| 001 | 201910 | ||
| 090 | _a201910 | ||
| 100 | _a20220927 frey50 | ||
| 101 | _apor | ||
| 200 |
_aPoesia incompleta _fMário Dionísio |
||
| 210 |
_aLisboa _cPublicações Europa-América _dimp.1966 |
||
| 215 |
_a340, [2] p. _d19 cm _cbrochado |
||
| 225 |
_aObras de Mário Dionísio _v1 |
||
| 300 | _aContém dedicatória na folha de guarda | ||
| 606 |
_aLiteratura Portuguesa _923 _xPoesia |
||
| 675 |
_a821.134.3-1 _vPT _zpor |
||
| 700 |
_aDionísio _913710 _bMário |
||
| 830 |
_cAna Falardo _fAna Falardo |
||
| 990 | _cLIVROS | ||